| 000 | 00571nam a22001697a 4500 | ||
|---|---|---|---|
| 003 | UA-OsUOA | ||
| 001 | 19047 | ||
| 007 | ta | ||
| 008 | 20040708b un ||||| |||| 00| 0 ukr d | ||
| 942 | _cSA | ||
| 040 |
_aUA-OsUOA _cUA-OsUOA _dUA-OsUOA |
||
| 245 |
_aВ об'єктиві - Сарненський район _b[З історії та сьогодення медицини Сарненщини] |
||
| 300 | _aС.4-5 | ||
| 955 | _a0 | ||
| 773 | 0 |
_w0 _tМедичний вісник _dРівне _d2004 _g№25/18 черв./ |
|
| 650 | 7 |
_aКраєзнавча робота _2UDC |
|
| 999 |
_c305218 _d305218 |
||